000 00707nam a2200181 a 4500
008 100616s2005 ||||||||||||||||| || u
050 _aIBRD(08)
100 _aCristina Neagu, Ileana
245 1 0 _aBrain waste? educated immigrants in the U.S. labour market
_cby Aadity Mattoo; Ileana Cristina Neagu; Caglar Ozden
260 _aWashington, D. C.
_bWorld Bank
_c2005
300 _a31p
350 _a0.00
490 _aPolicy Research Working Paper
650 7 _aMIGRATION
_2gnd
700 _aMattoo, Aaditya
700 _aOzden, Caglar
995 _D0.00
_FCBU-MAIN LIBRARY (Kitwe)
_H1
_I0.00
_M1
_UAVAILABLE
_WJun 16, 2010
_ZInternational Publications
999 _c36087
_d36087